000 00355nam a22001337a 4500
008 250108b |||||||| |||| 00| 0 eng d
020 _a0335199194
050 _aHD2763
_b.L39
100 _aLAWTON, Alan
245 _aEthical Management for the Public Services
260 _aPhiladelphia
_bOpen University Press
_c1998
300 _axiii, 167p.
942 _cBK
999 _c1901
_d1901